| 000 | 00566nam a22002057a 4500 | ||
|---|---|---|---|
| 003 | OSt | ||
| 005 | 20140310182942.0 | ||
| 008 | 130204t xxu||||| |||| 00| 0 eng d | ||
| 020 | _a9789717251653 | ||
| 050 |
_aDS 675.8 _b.Ag283 2011 |
||
| 082 |
_aFIL 959.0120924 _bAg9 2011 |
||
| 245 |
_aRizal _bkabayanihan tungo sa globalisasyon _cAguilar, Reynaldo |
||
| 260 |
_aManila _bGrandbooks Publishing _c2008 |
||
| 300 |
_a268 p. : ill. _c22 cm. |
||
| 521 | _acollege students | ||
| 526 | _c1210L-1700L | ||
| 541 | _j1 | ||
| 562 | _e1 | ||
| 942 |
_2lcc _cBK _kFIL |
||
| 999 |
_c17749 _d17749 |
||